000 00555nam a22001697a 4500
005 20251124202045.0
008 251124b |||||||| |||| 00| 0 eng d
020 _a9780132289139
050 _aTA683.2 LIM
100 _aLimbrunner, George F.
245 _aReinforced Concrete Design
_cGeorge F. Limbrunner & Abi O. Aghayere
250 _a6th ed.
_bPearson International edition
260 _aUpper Saddle River, New Jersey
_bPearson Prentice Hall
_c2007
300 _axii. 521p.
_bill.
_c23.5cm
700 _aAghayere, Abi O.
942 _2lcc
_cBK
_e6th ed.
_n0
999 _c8374
_d8374